Library of the University of Algiers 3
Ibrahim Sultan Cheibout
شعار جامعة الجزائر 3
مكتبة جامعة الجزائر 3
إبراهيم سلطان شيبوط

أساسيات الرياضة للتجاريين (ك1) (ج1) / (رقم التسجيلة. 46356)

تفاصيل مارك
000 -LEADER
fixed length control field 01613nam a2200229Ia 4500
003 - CONTROL NUMBER IDENTIFIER
control field Ost
005 - DATE AND TIME OF LATEST TRANSACTION
control field 20260507075804.0
008 - FIXED-LENGTH DATA ELEMENTS--GENERAL INFORMATION
fixed length control field 260507s9999||||xx |||||||||||||| ||und||
020 ## - INTERNATIONAL STANDARD BOOK NUMBER
International Standard Book Number 9772230070
040 ## - CATALOGING SOURCE
Transcribing agency fsecg
041 ## - LANGUAGE CODE
Language code of text/sound track or separate title ara
082 ## - DEWEY DECIMAL CLASSIFICATION NUMBER
Classification number 511.6
100 ## - MAIN ENTRY--PERSONAL NAME
Personal name المنصوري;صدقي;شاكر، علي أحمد;حسنين، معوض حسن;صابر، محمد غازي، محمد توفيق;محمد صلاح الدين
Relator term مؤلف
245 #0 - TITLE STATEMENT
Title أساسيات الرياضة للتجاريين (ك1) (ج1) /
Statement of responsibility, etc. صدقي المنصوري
260 ## - PUBLICATION, DISTRIBUTION, ETC.
Place of publication, distribution, etc. القاهرة:
Name of publisher, distributor, etc. كلية التجارة,
Date of publication, distribution, etc. 1993
300 ## - PHYSICAL DESCRIPTION
Extent 315 صفحة؛
Other physical details إيضاحات ؛
Dimensions 24 سم
520 ## - SUMMARY, ETC.
Summary, etc. التباديل و التوافيق، نظرية ذات الحدين، المتواليات العددية و الهندسية، المحددات، المصفوفات، حل المعادلات بالمصفوفات، الاحتمال و الحادث، المبادئ الأساسية لحساب الاحتمالات، توزيع ثنائي الحدين، استخدام الاحتمالات في العمليات التجارية، استخدام الاحتمالات في مراقبة جودة الانتاج، الدوال و النهايات، التفاضل والتكامل، البرامج الخطية-مفاهيم أساسية، طرق وأساليب حل البرامج الخطية، الطريقة العامة لحل مشاكل البرامج الخطية
653 ## - INDEX TERM--UNCONTROLLED
Uncontrolled term التباديل و التوافيق
653 ## - INDEX TERM--UNCONTROLLED
Uncontrolled term المصفوفات
653 ## - INDEX TERM--UNCONTROLLED
Uncontrolled term عموميات الرياضيات
942 ## - ADDED ENTRY ELEMENTS (KOHA)
Koha item type كتب
المقتنيات
Withdrawn status Lost status Source of classification or shelving scheme Damaged status Not for loan Home library Current library Date acquired Serial enumeration / chronology Inventory number Total checkouts Full call number Barcode Date last seen Price effective from Koha item type
    Library of Congress Classification   NOT LOAN / إعارة داخلية مكتبة كلية العلوم الإقتصادية والعلوم التجارية وعلوم التسيير مكتبة كلية العلوم الإقتصادية والعلوم التجارية وعلوم التسيير 07/05/2026 الطابق الأرضي 1649/1/1/1   أ/1649ك1ج1ن1 1649/1/1/1 07/05/2026 07/05/2026 كتب

موارد الويب المفتوحة


© University of Algiers 3 All Rights Reserved
|
Implemented by LECHELAH Riad